Last Ten: Hungarian Prime Ministers in Order Quiz Stats

 Plays Quiz not verified by Sporcle

Support Sporcle.
Go Orange.
Score 0/10 Timer 01:30
0 Plays Today
% Correct
???
74.3%
???
61.1%
???
51%
???
49.8%
???
47.9%
???
47.5%
???
47.5%
???
44%
???
42.4%
???
42.4%

You're not logged in!

Compare scores with friends on all Sporcle quizzes.
OR
Log In

From the Vault

Musical Instrument Cakes

by timmylemoine1

Just because the cake is musical doesn't mean that 'Happy Birthday' will be sung any more in tune.
Remove Ads.
Support Sporcle.
Get the best of Sporcle when you Go Orange. This ad-free experience offers more features, more stats, and more fun while also helping to support Sporcle. Thank you for becoming a member.

Show Comments

Extras

Top Quizzes Today


Score Distribution

Your Account Isn't Verified!

In order to create a playlist on Sporcle, you need to verify the email address you used during registration. Go to your Sporcle Settings to finish the process.

Report this User

Report this user for behavior that violates our Community Guidelines.

Details: